Normal view
MARC view
Entry Geographic Name
001 - CONTROL NUMBER
- control field: 34807
003 - CONTROL NUMBER IDENTIFIER
- control field: ARRUPE
005 - DATE AND TIME OF LATEST TRANSACTION
- control field: 20170816104249.0
008 - FIXED-LENGTH DATA ELEMENTS
- fixed length control field: 170816|| aca||aabn | a|a d
040 ## - CATALOGING SOURCE
- Original cataloging agency: ARRUPE
- Transcribing agency: ARRUPE
151 ## - HEADING--GEOGRAPHIC NAME
- Geographic name: Beijing (China)
- General subdivision: Description and travel.
670 ## - SOURCE DATA FOUND
- Source citation: Work cat.: (ARRUPE)0: Meynard, Thierry. 34805, Following the footsteps of the Jesuits in Beijing :, 2006.